THERMAL ENGINEERING (Record no. 44993)
[ view plain ]
| 000 -LEADER | |
|---|---|
| fixed length control field | nam a22 7a 4500 |
| 003 - CONTROL NUMBER IDENTIFIER | |
| control field | OSt |
| 005 - DATE AND TIME OF LATEST TRANSACTION | |
| control field | 20190402105907.0 |
| 008 - FIXED-LENGTH DATA ELEMENTS--GENERAL INFORMATION | |
| fixed length control field | 190402b xxu||||| |||| 00| 0 eng d |
| 040 ## - CATALOGING SOURCE | |
| Transcribing agency | IIMT UNIVERSITY |
| 100 ## - MAIN ENTRY--PERSONAL NAME | |
| Personal name | GUPTA J M L |
| 245 ## - TITLE STATEMENT | |
| Title | THERMAL ENGINEERING |
| 250 ## - EDITION STATEMENT | |
| Edition statement | 1 ED |
| 300 ## - PHYSICAL DESCRIPTION | |
| Extent | 583 |
| 942 ## - ADDED ENTRY ELEMENTS (KOHA) | |
| Source of classification or shelving scheme | |
| Koha item type | Specimen |
| Edition | 1 ED |
No items available.

